Bolesław Śmiały - Statystyki

Ogólne statystyki
  • Ten quiz został rozwiązany 32 razy
  • Średni wynik to 4 z 5
Statystyki odpowiedzi
Hint Odpowiedź % Poprawnych
Śmierć biskupa krakowskiego Stanisława.Ucieczka Bolesława Śmiałego 1079
96%
Koronacja Bolesława Śmiałego 1076
93%
Objęcie władzy przez Bolesława Śmiałego 1058
82%
Prawdopodobna śmierć Bolesława Śmiałego 1081
79%
Narodziny Bolesława Śmiałego 1042
75%
Nie znaleziono quizów pasujących do podanych kryteriów
Rozkład punktacji
Procent ludzi z każdym wynikiem
Percentyl według liczby udzielonych odpowiedzi
Twoja historia wyników
Nie rozwiązałeś tego quizu